Braun Strowman's WrestleMania Opponents - Statistics

General Stats
  • This quiz has been taken 18 times
  • The average score is 7 of 10
Answer Stats
WrestleMania Opponent % Correct
WrestleMania 34 Cesaro
92%
WrestleMania 34 Sheamus
92%
WrestleMania 36 Goldberg
77%
WrestleMania 39 Angelo Dawkins
62%
WrestleMania 39 Chad Gable
62%
WrestleMania 39 Montez Ford
62%
WrestleMania 39 Otis
62%
WrestleMania 37 Shane McMahon
54%
WrestleMania 39 Erik
46%
WrestleMania 39 Ivar
46%
No matching quizzes found
Score Distribution
Percent of People with Each Score
Percentile by Number Answered
Your Score History
You have not taken this quiz